Vysvetľujúca umelá inteligencia, jej aspetky a význam v podnikovej praxi diplomová práca

Salvato in:
Dettagli Bibliografici
Autore principale: Morvay, Filip
Ente Autore: Fakulta hospodárskej informatiky EU. Katedra aplikovanej informatiky
Altri autori: Rakovská, Eva, 1963-
Natura: Libro
Lingua:slovacco
Pubblicazione: Bratislava 2022
Tags: Aggiungi Tag
Nessun Tag, puoi essere il primo ad aggiungerne!!

MARC

LEADER 00000nbm a2200000 4500
001 0287539
005 20221214135331.5
041 0 |a slo 
044 |a SK 
245 1 0 |a Vysvetľujúca umelá inteligencia, jej aspetky a význam v podnikovej praxi  |b diplomová práca  |c Filip Morvay ; školiteľ: Eva Rakovská 
264 1 |a Bratislava  |c 2022 
300 |a 60 s. 
100 1 |a Morvay, Filip 
700 1 |a Rakovská, Eva, 1963- 
710 2 |a Fakulta hospodárskej informatiky EU. Katedra aplikovanej informatiky